| 000 | 29334nas1a22026411 4500 | ||
|---|---|---|---|
| 001 | RU\NLR\INFOCOMM55\5000201252 | ||
| 005 | 20250807190201.0 | ||
| 035 | _a(NLR Aleph) 002848390 | ||
| 090 |
_a1051 _c1051 |
||
| 100 | _a20050218c1944 u y0rusy50 ca | ||
| 101 | 0 | _arus | |
| 102 | _aRU | ||
| 110 | _aayuzz 0|y| | ||
| 200 | 1 |
_aСборник научных трудов _fМ-во просвещения РСФСР. Яросл. гос. пед. ин-т им. К.Д. Ушинского |
|
| 210 |
_aЯрославль _d1944-1985 |
||
| 300 | _aС вып.5 появляется валовая нумерация "Трудов" и "Ученых записок" Ярославск. пед. ин-та | ||
| 300 | _aС 1986 г. выходят ненум. выпуски Межвузовских сборников научных трудов под разными заглавиями. Хранятся в книжном фонде (шифры разные) | ||
| 311 | _aПродолжают выходившие в 1926-1929 г.г. "Труды Яросл. пед. ин-та" (хранятся в книжном фонде. Шифры разные) | ||
| 320 | _aАлфавитный указатель статей, опубликованных в "Трудах" и "Ученых записках" Ярославского педагогического института (1926-1956 г.г.) (В изд. ... 1958, Т.20(30) Ч.1, с.172-191) | ||
| 430 | 0 | _12001#$aУченые записки | |
| 430 | 0 | _12001#$aНаучно-методический сборник | |
| 710 | 0 | 2 |
_aЯрославский педагогический институт имени К.Д. Ушинского _4070 |
| 801 | 1 |
_aRU _bInfoComm _c20050218 |
|
| 801 | 0 |
_aRU _bNLR _gPSBO |
|
| 852 |
_aNLR _jП28/391 |
||
| 942 | _cJOURNAL | ||
| 945 | _aРоссийская национальная библиотека | ||
| 980 | _aNB | ||
| 980 | _aBV | ||
| 980 | _aRUSPER | ||